BIBLIOTHÈQUE DE LA MAISON DU MEXIQUE

Logo 1 Logo 2

Quetzalcóatl (notice nᵒ 7228)

détails MARC
000 -Sello discográfico
campo de control de longitud fija 00782nam a2200253 4500
005 - Identificación de versión
campo de control 20251205140036.0
099 ## - fechas locales
Tipo de ítem Koha LIBRO
100 ## - Datos de procesamiento general
Datos de procesamiento general 20240708d1947 m y1spay5003 ba
101 ## - Idioma del recurso
Idioma del texto, banda sonora, etc. Español; Castellano
105 ## - Campo de datos codificados: Material textual, monográfico
Datos codificados de monografía a 001zy
200 1# - Título y mención de responsabilidad
Título propio Quetzalcóatl
Designación general del material texto impreso
Otra información del título sueño y vigilia
Primer mención de responsabilidad Ermilo Abreu Gómez
Número de una pieza dibujos Jesús Guerrero Galván
210 ## - Publicación, distribución, etc.
Lugar de publicación, distribución, etc. México
Nombre del editor, distribuidor, etc. Antigua Librería Robredo
Fecha de publicación, distribución, etc. 1947
215 ## - Descripción física
Designación de material específico y extensión del ítem 175 p
Otras características físicas il.
Dimensiones 18 cm
345 ## - Nota de información de adquisición
Fuente de adquisición/dirección de la suscripción [OBSOLETO] Donación
600 ## - Nombre personal usado como materia
Elemento de entrada Quetzalcóatl (Deidad azteca)
Número Koha 2147
606 ## - Término temático usado como materia
Elemento de entrada Toltecas
Subdivisión temática Leyendas
Número Koha 13153
660 ## - Código de área geográfica
Código MX
700 ## - Nombre personal - Responsabilidad primaria
Elemento de entrada Abreu Gómez
Parte del nombre distinta del elemento de entrada Ermilo
Fechas 1894-1971
Número Koha 4641
702 ## - Nombre personal - Responsabilidad secundaria
Elemento de entrada Guerrero Galván
Parte del nombre distinta del elemento de entrada Jesús
Fechas 1910-1973
Número Koha 12645
801 #0 - Fuente de origen
País FR
Agencia cm
Reglas de catalogación (convenciones descriptivas) AFNOR
942 ## - ELEMENTOS DE ENTRADA SECUNDARIOS (KOHA)
Tipo de ítem Koha Livre
Exemplaires
Estatus retirado Estado de daño Estado de pérdida Fecha de adquisición Biblioteca de origen Biblioteca actual Ubicación en estantería Código de barras Precio de reemplazo Signatura topográfica completa No para préstamo Tipo de ítem Koha Nota pública Nota no pública
      05/08/2025 Casa México Paris Casa México Paris   010602 05/08/2025 398.22 A162Q   Livre 20240708LIV 751145101